FA Cup Final Goal Scorers - Statistics

General Stats
  • This quiz has been taken 329 times
    64 since last reset
  • The average score is 81 of 313
Answer Stats
Goal Scorers % Correct
Didier Drogba
88%
Pierre-Emerick Aubameyang
88%
Steven Gerrard MBE
88%
Eberechi Eze
83%
Bruno Fernandes
81%
Frank Lampard OBE
79%
Alexis Sánchez
76%
Lawrie Sanchez
76%
Ilkay Gundogan
74%
Aaron Ramsey
71%
Kevin De Bruyne
71%
Ian Rush MBE
69%
Ian Wright MBE
69%
Michael Owen
69%
Ruud Van Nistelrooy
69%
Yaya Touré
69%
Youri Tielemans
69%
Eric Cantona
67%
Raheem Sterling
67%
Cristiano Ronaldo
64%
Kobbie Mainoo
64%
Robert Pirès
64%
Teddy Sheringham MBE
64%
David Silva
62%
Mark Hughes OBE
62%
Nicolas Anelka
62%
Paul Scholes
62%
Thomas Bridges Hughes
62%
Gary Lineker
60%
Jesse Lingard
60%
Nwankwo Kanu
60%
Olivier Giroud
60%
Roberto Di Matteo
60%
Ben Watson
57%
Billy Smith
57%
Bobby Smith
57%
Des Walker
57%
Eden Hazard
57%
Gordon Smith
57%
Jack Charlton
57%
Jack Smith
57%
Per Mertesacker
57%
Sammy Smyth
57%
Tom Smith
57%
Arthur Watson
55%
Freddie Ljungberg
55%
Gabriel Jesus
55%
Juan Mata
55%
Alejandro Garnacho
52%
Bryan Robson OBE
52%
Clopton Lloyd-Jones
52%
Ian St. John
52%
Jimmy Robson
52%
Mick Jones
52%
Bob John
50%
Diego Costa
50%
Paul Rideout
50%
Sir Trevor Brooking
50%
Andy Carroll
48%
Curtis Davies
48%
Jérémy Doku
48%
Louis Saha
48%
Ray Parlour
48%
Ricardo Villa
48%
Santi Cazorla
48%
Stuart Pearce
48%
Theo Walcott
48%
Andy Gray
45%
Clive Allen
45%
Harry Allen
45%
Jack Allen
45%
Jason Puncheon
45%
Marc Overmars
45%
Ronnie Allen
45%
David Hirst
43%
Glenn Hoddle
43%
Jimmy Greaves
43%
Alan Sunderland
40%
Billy Barnes
40%
Brian McClair
40%
Dean Ashton
40%
Denis Law
40%
Gary Mabbutt
40%
Kevin Keegan OBE
40%
Laurent Koscielny
40%
Norman Whiteside
40%
Andy Linighan
38%
Charlie George
38%
Chris Waddle
38%
Djibril Cissé
38%
Eddie Newton
38%
Graeme Sharp
38%
Jack Sharp
38%
Paul Konchesky
38%
Sir Geoff Hurst
38%
Christian Pulisic
36%
James Chester
36%
Jimmy Case
36%
Lee Martin
36%
Paul Stewart
36%
Tadger Stewart
36%
Arthur Matthews
33%
Bobby Johnstone
33%
Craig Johnston
33%
Frank Stapleton
33%
Gordon McQueen
33%
Michael Thomas
33%
Reverend Kenneth Hunt
33%
Roger Hunt MBE
33%
John Aldridge
31%
Keith Houchen
31%
Stuart McCall
31%
Alan Taylor
29%
Billy Bremner
29%
Captain Henry Renny-Tailyour
29%
Jamie Carragher
29%
Ramires
29%
Ray Wilkins
29%
Steve Heighway
29%
Tommy Taylor
29%
Albert Brown
26%
Charles Clerke
26%
Dixie Dean
26%
Gary Stevens
26%
Ian Hutchinson
26%
James Brown
26%
Jimmy Robertson
26%
John Anderson
26%
John Campbell
26%
Sandy Brown
26%
Stan Mortensen
26%
Tommy Hutchison
26%
Tommy Wilson
26%
Allan Clarke
24%
Dave Bennett
24%
David Jack
24%
David Webb
24%
Eric Bell
24%
Ian Porterfield
24%
Jack Bell
24%
Joe Lofthouse
24%
Nat Lofthouse OBE
24%
Peter Osgood
24%
Sammy McIlroy
24%
Terry Fenwick
24%
Walter Bennett
24%
Arnold Mühren
21%
Bobby Stokes
21%
Garth Crooks OBE
21%
Gary O'Reilly
21%
Jackie Milburn
21%
Kevin Reeves
21%
Stan Pearson
21%
Steve MacKenzie
21%
Stuart Pearson
21%
Alex Jackson
19%
Archie Hunter
19%
Danny Blanchflower
19%
Jimmy Greenhoff
19%
Neil Young
19%
Sam Thomson
19%
Sandy Young
19%
Alex James
17%
Brian Talbot
17%
Hughie Ferguson
17%
John Hawley Edwards
17%
Reg Lewis
17%
Roger Osborne
17%
Alex Dawson
14%
Cliff Parker
14%
David Black
14%
George Robledo
14%
Jeff Astle
14%
Jesse Pye
14%
Peter Houseman
14%
Peter McParland
14%
Raich Carter
14%
Steve Bloomer
14%
Angus Morrison
12%
Bert Turner
12%
Bobby Mitchell
12%
David Herd
12%
Frank Saul
12%
George Mutch
12%
Harold Blackmore
12%
Harry Wood
12%
Jackie Stamps
12%
Jimmy Douglas
12%
Jimmy Dunn
12%
Jimmy Speirs
12%
Lieutenant William Morris
12%
Lord Kinnaird
12%
Mal Griffiths
12%
Mick McGrath
12%
Mike Trebilcock
12%
Peter Doherty
12%
Sandy Turnbull
12%
Ted Drake
12%
Willie Wood
12%
A.H. Chequer
10%
Bert Barlow
10%
Billy Butler
10%
Billy Harrison
10%
Billy Meredith
10%
Bobby Gurney
10%
Bob Chatt
10%
Dave Pacey
10%
Derek Temple
10%
Eddie Shimwell
10%
Ellis Rimmer
10%
Frank Griffin
10%
George Hannah
10%
Jack Reynolds
10%
Jack Rowley
10%
Jimmy Logan
10%
Jimmy Stein
10%
Joe Leeming
10%
John McPherson
10%
Neil Harris
10%
Roy Dwight
10%
Stan Fazackerley
10%
Stan Seymour
10%
Bert Freeman
7%
Bill Perry
7%
Billy Beer
7%
Charlie Sagar
7%
Chris Duffy
7%
David Ford
7%
Eddie Burbanks
7%
Eddie Kelly
7%
Fred Spiksley
7%
Fred Tilson
7%
Fred Tunstall
7%
George Ross
7%
George Simpson
7%
Harry Tufnell
7%
Jack Almond
7%
Jack Palethorpe
7%
Jack Roscamp
7%
Jack Southworth
7%
James Simmons
7%
Jarvis Kenrick
7%
Jasper McLuckie
7%
Jim McCalliog
7%
Jimmy Costley
7%
Jimmy Forrest
7%
Jimmy Ross
7%
Jock Rutherford
7%
John Boag
7%
John Sissons
7%
Mark Hooper
7%
Nat Walton
7%
Reginald Macaulay
7%
Ronnie Boyce
7%
Sammy Nicholls
7%
Sep Rutherford
7%
Teddy Sandford
7%
Tommy Barber
7%
W. G. Richardson
7%
Willie Moir
7%
Alexander Bonsor
5%
Billy Townley
5%
Edward Hagarty Parry
5%
Fred Priest
5%
Harry Hampton
5%
Jack Dyson
5%
Joe Bradford
5%
John Plant
5%
Ken Keyworth
5%
Lieutenant William Stafford
5%
Spry Woodhall
5%
Terry Dyson
5%
Walter Boyes
5%
Albert Shepherd
2%
Bobby Tambling
2%
Charles Wollaston
2%
Dickie Boyle
2%
Dicky Dorsett
2%
Fred Dewhurst
2%
Geordie Dewar
2%
Jack Lambert
2%
Joe Hayes
2%
Joe Sowerbutts
2%
Noel Kinsey
2%
Albert Mumford
0%
Alexander Tod
0%
Alf Common
0%
Arthur Capes
0%
Billy Kirton
0%
Charles Mackarness
0%
Charlie Wayman
0%
Denny Hodgetts
0%
Doug Holden
0%
Frank O'Donnell
0%
Frederick Patton
0%
Fred Wheldon
0%
George Hedley
0%
Harry Goodhart
0%
Jasper Geddes
0%
Jem Bayliss
0%
Jim Cassidy
0%
Jimmy Crabtree
0%
Jimmy Dimmock
0%
Jimmy Howie
0%
Jimmy Oswald
0%
Joe Kitchen
0%
John Cameron
0%
Norman Deeley
0%
Robert Christie
0%
Teddy Wynyard
0%
Tommy McLean
0%
William Lindsay
0%
No matching quizzes found
Score Distribution
Percent of People with Each Score
Percentile by Number Answered
Your Score History
You have not taken this quiz since the last reset